000
00171nam a2200085 4500
001
1231364
005
20250918104858.0
245
_a
NEYMAR JR
_c
AYDOĞAN YAVAŞLI
260
_b
.
999
_c
1231364
_d
1231364